Radio engineering : (Record no. 183128)
[ view plain ]
| 000 -LEADER | |
|---|---|
| fixed length control field | 01199 a2200181 4500 |
| 003 - CONTROL NUMBER IDENTIFIER | |
| control field | Nust |
| 005 - DATE AND TIME OF LATEST TRANSACTION | |
| control field | 20221220104321.0 |
| 040 ## - CATALOGING SOURCE | |
| Transcribing agency | Nust |
| 082 ## - DEWEY DECIMAL CLASSIFICATION NUMBER | |
| Classification number | 621.384,RAD |
| 100 ## - MAIN ENTRY--PERSONAL NAME | |
| Personal name | Norris, Roy Charles, |
| 9 (RLIN) | 105300 |
| 245 ## - TITLE STATEMENT | |
| Title | Radio engineering : |
| Remainder of title | a complete guide for all concerned with radio maintenance, production and development / |
| Statement of responsibility, etc. | Roy C. Norris |
| 260 ## - PUBLICATION, DISTRIBUTION, ETC. | |
| Place of publication, distribution, etc. | Odhams Press |
| Name of publisher, distributor, etc. | London |
| Date of publication, distribution, etc. | 1942 |
| 300 ## - PHYSICAL DESCRIPTION | |
| Extent | 511 p |
| Other physical details | illus |
| Dimensions | diagrs |
| Accompanying material | 22 cm |
| 505 ## - FORMATTED CONTENTS NOTE | |
| Formatted contents note | What is Radio? (Page-5), How Receivers Work (Page-29), Circuits Explained (Page-105), Transmitters and Learning Morse (Page-120), Short Waves (Page-141), Centimeter Technique (Page-158), Radar (Page-175), Frequency and Pulse Modulation (Page-199) Radio in Aviation (Page-218), Radio in Ships (Page-246), Television (Page-270), Interference Suppression (Page-303), Batteries and Charging (Page-327), Radio Service Equipment (Page-358), Fault Finding in Receivers(Page-409) Sound Amplification (Page-436), Foundations of Radio (Page-464), Reference (Page-490). |
| 600 ## - SUBJECT ADDED ENTRY--PERSONAL NAME | |
| Personal name | Norris, Roy Charles |
| 9 (RLIN) | 105300 |
| 650 ## - SUBJECT ADDED ENTRY--TOPICAL TERM | |
| Topical term or geographic name entry element | Radio engineering; a complete guide for all concerned with radio maintenance, production and development |
| 9 (RLIN) | 105301 |
| 942 ## - ADDED ENTRY ELEMENTS (KOHA) | |
| Source of classification or shelving scheme | |
| Koha item type | Book |
| Withdrawn status | Lost status | Source of classification or shelving scheme | Damaged status | Not for loan | Permanent Location | Current Location | Shelving location | Date acquired | Full call number | Barcode | Date last seen | Price effective from | Koha item type | Public note |
|---|---|---|---|---|---|---|---|---|---|---|---|---|---|---|
| Military College of Signals (MCS) | Military College of Signals (MCS) | General Stacks | 12/12/2016 | 621.384,RAD | MCS5518 | 12/08/2016 | 12/12/2016 | Book | Almirah No.38, Shelf No.3 | |||||
| Military College of Signals (MCS) | Military College of Signals (MCS) | General Stacks | 12/12/2016 | 621.384,RAD | MCS6415 | 12/08/2016 | 12/12/2016 | Book | Almirah No.38, Shelf No.3 |
